Rincón de haikus / (Registro nro. 4002)

Detalles MARC
000 -LEADER
fixed length control field 00816nam a2200229Ia 4500
003 - CONTROL NUMBER IDENTIFIER
control field OSt
005 - DATE AND TIME OF LATEST TRANSACTION
control field 20250627092914.0
008 - FIXED-LENGTH DATA ELEMENTS--GENERAL INFORMATION
fixed length control field 191128s1999 ck er 000 p spa d
020 ## - INTERNATIONAL STANDARD BOOK NUMBER
International Standard Book Number 9588061407
040 ## - CATALOGING SOURCE
Original cataloging agency CO-JMCR
Transcribing agency CO-JMCR
041 ## - LANGUAGE CODE
Language code of text/sound track or separate title spa
082 04 - DEWEY DECIMAL CLASSIFICATION NUMBER
Classification number A-P
Item number BENr
100 1# - MAIN ENTRY--PERSONAL NAME
Personal name Benedetti, Mario,
Dates associated with a name 1920-2009
Relator term autor
9 (RLIN) 8651
245 10 - TITLE STATEMENT
Title Rincón de haikus /
Statement of responsibility, etc. Mario Benedetti
250 ## - EDITION STATEMENT
Edition statement Primera edición
260 ## - PUBLICATION, DISTRIBUTION, ETC.
Place of publication, distribution, etc. Bogotá :
Name of publisher, distributor, etc. Alfaguara,
Date of publication, distribution, etc. 1999
300 ## - PHYSICAL DESCRIPTION
Extent 239 páginas ;
Dimensions 16 cm. x 19 cm.
500 ## - GENERAL NOTE
General note Recomendado para adultos.
520 ## - SUMMARY, ETC.
Summary, etc. Encerrar en 17 sílabas (y además, con escisiones predetermindas), una sensación, una duda, una opinión, un sentimiento, un paisaje, y hasta una breve anécdota, empezó siendo un juego.
650 14 - SUBJECT ADDED ENTRY--TOPICAL TERM
Topical term or geographic name entry element Poesía latinoamericana
9 (RLIN) 8653
942 ## - ADDED ENTRY ELEMENTS (KOHA)
Source of classification or shelving scheme Dewey Decimal Classification
Koha item type Books
Existencias
Withdrawn status Lost status Source of classification or shelving scheme Damaged status Not for loan Collection code Home library Current library Date acquired Source of acquisition Total Checkouts Full call number Barcode Date last seen Date last checked out Copy number Koha item type
    Dewey Decimal Classification     Fiction Biblioteca Pública José María del Castillo y Rada Biblioteca Pública José María del Castillo y Rada 11/28/2019 Donación 4 A-P BENr 201808794 04/23/2026 04/23/2026 Ej.1 Books